00421nam a2200133 a 450000100100000000500170001000800410002704000250006824500260009326000260011930000200014595201050016599900170027000004605520201002052616.0150616s1900 000 spa d aDO-SdBNPbspacBNPHU 3aEl plan de marketing. aSanto Domingo,c1900? as. l. ;c22 cm. 001050718MOaPDbPDcHDd2015-06-16iLF1l0o p46055-10r2020-06-25w2020-06-25y1ZNo se presta c45544d45544